| 000 | 01096nas a2200361 4500 | ||
|---|---|---|---|
| 001 | BR0403500 | ||
| 003 | BR-BrBNA | ||
| 005 | 20231205104714.0 | ||
| 007 | ta | ||
| 008 | 230509b bl.|||p| |||| 00| 00por d | ||
| 040 |
_aBR-BrBNA _bpor _cBiblioteca Nacional de Agricultura |
||
| 041 | _a(Pt) | ||
| 072 | _aL72; L73 | ||
| 100 | 1 | _aMunhoz, A.D. | |
| 100 | 1 | _aFlausino, W. | |
| 100 | 1 | _aSilva, R.T. da | |
| 100 | 1 | _aAlmeida, C.R.R. de | |
| 100 | 1 | _aTeixeira, M. | |
| 100 | 1 | _aAlbuquerque, G.R. | |
| 100 | 1 | _aLopes, C.W.G. | |
| 245 | 1 | _aAnticorpos contra Neospora caninum em vacas, no rebanho leiteiro da Mesorregião Sul Fluminense, Estado do Rio de Janeiro | |
| 650 | _aVACA LEITEIRA | ||
| 650 | _aNEOSPOROSE | ||
| 650 | _aEPIDEMIOLOGIA | ||
| 650 | _aPARASITO DE ANIMAL | ||
| 650 | _aANTICORPO | ||
| 650 | _aINFECÇÃO | ||
| 650 | _aELISA | ||
| 650 | _aRIO DE JANEIRO | ||
| 773 | 0 |
_tRevista Brasileira de Reprodução Animal (Brazil) _xISSN 0102-0803 _g(Oct-Dec 2003), v. 27(4) p. 643-646 _wBR0403500 |
|
| 909 |
_a202311 _bLúcia _c55 _dLúcia Elande |
||
| 942 |
_2AGRIS _n0 _cANA |
||
| 999 |
_c179357 _d179357 |
||